| 000 | 02721nam a2200253 a 4500 | ||
|---|---|---|---|
| 003 | MX-MxUPN | ||
| 005 | 20240104063555.0 | ||
| 007 | cr | ||
| 008 | 231212s2016 mx o||||o|||| 000 0 mul d | ||
| 020 | _a9789230000424 | ||
| 040 |
_aMX-MxUPN _bspa _cMX-MxUPN _eaacr2 |
||
| 041 | 0 |
_aeng _aspa |
|
| 050 | 1 | 4 | _aSD411 |
| 245 | 0 | 0 |
_aTropical forest conservation : _blong-term processes of human evolution, cultural adaptations and consumption patterns _h[recurso electrónico en línea] |
| 260 |
_aMéxico : _bOrganización de las Naciones Unidas para la Educación, la Ciencia y la Cultura, _c2016 |
||
| 300 |
_a1 recurso en línea (351 páginas) : _bPDF, fotografías |
||
| 505 | 0 | 0 |
_tTropical rainforests as long-established cultural landscapes / _rRobin Dennell -- _tEarly human adaptation to late pleistocene-holocene rainforests in South Asia / _rPatrick Robert -- _tSitios monumentales precolombinos en Amazonia / _rStéphen Rostai -- _tXingu garden cities : domesticated forests of the Southern Amazon / _rMichael Heckenberge -- _tTransformative conservation in three dimensions : the LiDAR recording of the Mosquitia tropical wilderness, Honduras / _rChristopher T. Fisher -- _tMorals to the story of the ‘Mayacene’ from geoarchaeology and paleoecology / _rTimothy Beach -- _tUn futuro sostenible para la Amazonia: lecciones de la arqueología / _rJosé Iriarte -- _tAncient maya water management, droughts and urban diaspora : implications for the present / _rLisa J. Lucero -- _tBiodiversidad y resiliencia de la selva húmeda en Mesoamérica / _rSergio Guevara S. -- _tValuing the maya forest as a garden / _rAnabel Ford -- _tA tale of three species or the ancient soul of tropical forests / _rEduardo G. Neve -- _tThe failure of systematic conservation planning and the success of community conservation in the Sierra Norte of Oaxaca / _rDavid Barton Bray -- _tExploring local perspectives and preferences in forest landscapes : towards democratic conservation / _rDouglas Sheil -- _tValuing traditional knowledge for conserving biodiversity in Indonesia / _rHerwasono Soedjito -- _tPerspectives from local and indigenous producers in Mexico -- _tRevisiting the multifunctional transition in Australia’s wet tropics : the climate change crisis / _rStephen M. Turton -- _tPaisajes productivos sostenibles en México : de la idea a la realidad / _rMartha Ileana Rosas Hernández -- _t The way forward for more sustainable natural and cultural diversity all over the world / _rNuria Sanz. |
| 506 | 0 | _aAcceso abierto. | |
| 650 | 4 |
_aConservación de bosques _95692 |
|
| 700 | 1 |
_aSanz, Nuria _946921 _ecoordinación |
|
| 856 | 4 | 0 | _uhttps://unesdoc.unesco.org/ark:/48223/pf0000259594 |
| 902 | _aVíctor Ruiz/030124 | ||
| 942 |
_2lcc _cLIBRO-E |
||
| 999 |
_c210702 _d210702 |
||